000 01985nam a2200253Ia 4500
999 _c36476
_d36476
001 2393
003 GE_BSU
005 20200129113228.0
008 181216s2005||||ge |||||||||||||| ||geo||
010 _a918539145X
040 _cGE_BSU
041 _ageo
080 _a342.4+32.001 ს-19
245 _aსაკონსტიტუციო-პოლიტიკური რეფორმის პროცესი საქართველოში : პოლიტიკური ელიტა და ხალხის ხმები : ერთობლივი პროექტი :
_cდემოკრატიის და არჩევნების ხელშეწყობის საერთ. ინ-ტი, მშვიდობის, დემოკრატიის და განვ. კავკასიური ინ-ტი ; ქართ. ტექსტ. რედ.: ზეინაბ სარაძე.
_bსაქართველოს ხმები კონსტიტუციურ და პოლიტიკურ რეფორმაში /
264 _aთბილისი,
_c2005.
300 _a175 გვ.;
_b27 სმ.
440 _aდემოკრატიისა და არჩევნების ხელშეწყობის საერთ. ინ-ტი
_96483
653 _aსაკონსტიტუციო სამართალი.
700 _aარაქელიანი, არმინე
_eპროგრ. ხელმძღვ-ლი
_91272
700 _aსარაძე, ზეინაბ
_91273
_eტექსტის რედ.
710 _aდემოკრატიის და არჩევნების ხელშეწყობის საერთ. ინ-ტი
_93825
710 _aმშვიდობის, დემოკრატიის და განვ. კავკასიური ინ-ტი
_93826
942 _cBK
_2udc